Landscape and buildings (Record no. 80602)

MARC details
000 -LEADER
fixed length control field 00571nam a2200133 a 4500
008 - FIXED-LENGTH DATA ELEMENTS--GENERAL INFORMATION
fixed length control field 120416s1979 xx |||||||||||||| || u
050 ## - LIBRARY OF CONGRESS CALL NUMBER
Classification number NA 9035 Lin
100 ## - MAIN ENTRY--PERSONAL NAME
Personal name Lindley, Kenneth
245 10 - TITLE STATEMENT
Title Landscape and buildings
260 ## - PUBLICATION, DISTRIBUTION, ETC.
Date of publication, distribution, etc. [1979]
350 ## -
-- 0.00
995 ## -
-- MAIN LIBRARY OPEN ACCESS
-- 0.00
-- 718090
-- CBU-MAIN LIBRARY (Kitwe)
-- 2
-- 1.00
-- NA 9035 Lin
-- AVAILABLE
-- 010649
-- Main Library Open Access Collection
995 ## -
-- MAIN LIBRARY OPEN ACCESS
-- 0.00
-- 714477
-- CBU-MAIN LIBRARY (Kitwe)
-- 1
-- 1.00
-- NA 9035 Lin
-- AVAILABLE
-- 010648
-- Main Library Open Access Collection
999 ## -
-- 80602
-- 80602
Holdings
Withdrawn status Lost status Source of classification or shelving scheme Damaged status Not for loan Permanent Location Current Location Shelving location Date acquired Total Checkouts Full call number Barcode Date last seen Copy number Price effective from Koha item type
          CBU-MAIN LIBRARY, KITWE. CBU-MAIN LIBRARY, KITWE.   06/30/2023   NA 9035 Lin 010649 06/30/2023 1 06/30/2023 MONOGRAPH
          CBU-MAIN LIBRARY, KITWE. CBU-MAIN LIBRARY, KITWE.   06/30/2023   NA 9035 Lin 010648 06/30/2023 2 06/30/2023 MONOGRAPH